[Event "Champions Showdown Blitz"]
[Site "Saint Louis USA"]
[Date "2016.11.14"]
[Round "1.1"]
[White "Topalov, Veselin"]
[Black "Caruana, Fabiano"]
[Result "1/2-1/2"]
[WhiteTitle "GM"]
[BlackTitle "GM"]
[WhiteElo "2760"]
[BlackElo "2823"]
[WhiteFideId "2900084"]
[BlackFideId "2020009"]
[EventDate "2016.11.14"]

1. c4 g6 2. g3 Bg7 3. d4 c6 4. Bg2 d5 5. Nf3 Nf6 6. O-O O-O 7. Nbd2 a5 8. b3 a4
9. Ba3 Bf5 10. e3 Nbd7 11. Qe2 Re8 12. cxd5 cxd5 13. Rfc1 Qb6 14. Bf1 e5 15. Qb5
Ne4 16. Qxb6 Nxb6 17. Nxe4 Bxe4 18. Nxe5 Rxe5 19. dxe5 Bxe5 20. bxa4 Rxa4 21.
Bc5 Bxa1 22. Rxa1 Nc4 23. Bd4 b5 24. Be2 Ra6 25. f3 Bc2 26. Kf2 f6 27. g4 Kf7
28. h4 Ra4 29. h5 g5 30. Ke1 Ra3 31. Bc5 Ra8 32. Kf2 f5 33. a3 fxg4 34. fxg4 Ke6
35. Kg3 Nd2 36. Bb4 Nc4 37. Bc5 Rc8 38. Bd4 Ra8 39. Bc5 Be4 40. Kf2 Rc8 41. Bd4
Ra8 42. Bc5 Kd7 43. Bb4 Ra6 44. Kg3 Rf6 45. Rf1 Rxf1 46. Bxf1 Ke6 47. Kf2 Bc2
48. Be2 Be4 49. Bf1 1/2-1/2

[Event "Champions Showdown Blitz"]
[Site "Saint Louis USA"]
[Date "2016.11.14"]
[Round "2.2"]
[White "Topalov, Veselin"]
[Black "Anand, Viswanathan"]
[Result "1/2-1/2"]
[WhiteTitle "GM"]
[BlackTitle "GM"]
[WhiteElo "2760"]
[BlackElo "2779"]
[WhiteFideId "2900084"]
[BlackFideId "5000017"]
[EventDate "2016.11.14"]

1. d4 Nf6 2. c4 e6 3. Nf3 d5 4. Nc3 Nbd7 5. Qc2 dxc4 6. e4 c5 7. dxc5 Bxc5 8.
Bxc4 Qc7 9. O-O a6 10. Bb3 b5 11. Qe2 b4 12. Na4 Bb7 13. e5 Nd5 14. Nxc5 Nxc5
15. Bc2 h6 16. Rd1 a5 17. Rd4 Ne7 18. Bd2 O-O 19. Rc1 Rfd8 20. Be3 Nd5 21. Bd2
Ba6 22. Qe1 Qb6 23. Bb1 Rac8 24. h3 h5 25. Qd1 Nd7 26. Be4 Rxc1 27. Bxc1 Nc5 28.
Bxd5 exd5 29. Rxd5 Rxd5 30. Qxd5 Bb7 31. Qd4 Bxf3 32. gxf3 Qg6+ 1/2-1/2

[Event "Champions Showdown Blitz"]
[Site "Saint Louis USA"]
[Date "2016.11.14"]
[Round "3.1"]
[White "Anand, Viswanathan"]
[Black "Caruana, Fabiano"]
[Result "1/2-1/2"]
[WhiteTitle "GM"]
[BlackTitle "GM"]
[WhiteElo "2779"]
[BlackElo "2823"]
[WhiteFideId "5000017"]
[BlackFideId "2020009"]
[EventDate "2016.11.14"]

1. e4 c5 2. Nf3 e6 3. d4 cxd4 4. Nxd4 a6 5. Nc3 d6 6. a4 b6 7. Be2 Bb7 8. O-O
Nf6 9. Re1 Nbd7 10. Bd3 g6 11. Bg5 Bg7 12. Nf3 Qc7 13. Qd2 h6 14. Be3 Ng4 15.
Bf4 g5 16. Bg3 Nge5 17. Nxe5 Nxe5 18. Kh1 Qe7 19. Qe3 Qc7 20. Ra3 Nd7 21. f4
gxf4 22. Bxf4 Be5 23. Rf1 Qc5 24. Qf3 Bxf4 25. Qxf4 Ne5 26. Ne2 Qc7 27. Rc3 Qe7
28. Qf2 Qd8 29. Rb3 Bc6 30. Rxb6 Bxa4 31. Qd4 Ke7 32. Nc3 Bc6 33. Bxa6 Qc7 34.
Bb5 Bb7 35. Be2 Bc6 36. Qf2 Rhb8 37. Qf6+ Kd7 38. Rxb8 Rxb8 39. b3 Qa5 40. Na4
Bxe4 41. Bd1 Qd5 42. Qf2 Qb7 43. Nc3 Bc6 44. Ne2 Rg8 45. Ng3 f5 46. Rg1 Rg5 47.
Qf4 Ke7 48. Qh4 Nf7 49. Be2 Qb6 50. Bh5 Qf2 51. Bxf7 Kxf7 52. Qxh6 1/2-1/2

[Event "Champions Showdown Blitz"]
[Site "Saint Louis USA"]
[Date "2016.11.14"]
[Round "4.1"]
[White "Caruana, Fabiano"]
[Black "Topalov, Veselin"]
[Result "1-0"]
[WhiteTitle "GM"]
[BlackTitle "GM"]
[WhiteElo "2823"]
[BlackElo "2760"]
[WhiteFideId "2020009"]
[BlackFideId "2900084"]
[EventDate "2016.11.14"]

1. e4 e5 2. Nf3 Nc6 3. Bb5 a6 4. Ba4 Nf6 5. d3 Bc5 6. Bxc6 dxc6 7. h3 Nd7 8. Nc3
Bd6 9. a4 b6 10. O-O O-O 11. Nd2 c5 12. Nc4 Nb8 13. f4 exf4 14. Qf3 Ra7 15. Nxd6
cxd6 16. Bxf4 Be6 17. Qg3 Rd7 18. Nd5 Nc6 19. Bg5 f6 20. Nxf6+ 1-0

[Event "Champions Showdown Blitz"]
[Site "Saint Louis USA"]
[Date "2016.11.14"]
[Round "6.1"]
[White "Caruana, Fabiano"]
[Black "Anand, Viswanathan"]
[Result "1/2-1/2"]
[WhiteTitle "GM"]
[BlackTitle "GM"]
[WhiteElo "2823"]
[BlackElo "2779"]
[WhiteFideId "2020009"]
[BlackFideId "5000017"]
[EventDate "2016.11.14"]

1. e4 e5 2. Nf3 Nc6 3. Bb5 Nf6 4. d3 Bc5 5. Bxc6 dxc6 6. Nbd2 Be6 7. Nb3 Bb6 8.
Bd2 Nd7 9. Na5 Bxa5 10. Bxa5 c5 11. Bc3 Bg4 12. h3 Bxf3 13. Qxf3 Qe7 14. Qg3 f6
15. O-O O-O-O 16. f4 Rhe8 17. b3 exf4 18. Rxf4 Nb8 19. Rf5 Nc6 20. Raf1 Rd7 21.
Kh1 b6 22. Qh4 h6 23. Qg4 Kb7 24. a4 a5 25. R5f3 Nd4 26. Bxd4 Rxd4 27. Rf5 Rd7
28. Qg6 Qe6 29. R1f3 Ree7 30. Qg4 Qd6 31. Rd5 Qc6 32. Rxd7 Qxd7 1/2-1/2

[Event "Champions Showdown Blitz"]
[Site "Saint Louis USA"]
[Date "2016.11.14"]
[Round "8.2"]
[White "Topalov, Veselin"]
[Black "Anand, Viswanathan"]
[Result "1/2-1/2"]
[WhiteTitle "GM"]
[BlackTitle "GM"]
[WhiteElo "2760"]
[BlackElo "2779"]
[WhiteFideId "2900084"]
[BlackFideId "5000017"]
[EventDate "2016.11.14"]

1. d4 Nf6 2. c4 e6 3. Nf3 d5 4. Nc3 Bb4 5. Qa4+ Nc6 6. a3 Bxc3+ 7. bxc3 Ne4 8.
e3 Nxc3 9. Qc2 Ne4 10. Bd3 Nd6 11. c5 Nf5 12. O-O h6 13. Rb1 O-O 14. Qc3 Nfe7
15. Bd2 b6 16. Rfc1 Na5 17. Qc2 Nc4 18. Bxc4 dxc4 19. Qxc4 Bb7 20. Ne1 Be4 21.
Rb2 Ng6 22. f3 Bd5 23. Qc3 f5 24. Nd3 Rf7 25. Be1 Qg5 26. Kf1 Re8 27. Re2 Bb7
28. Qc4 Qd8 29. Bg3 Qc8 30. Kf2 Ba6 31. Qc3 f4 32. exf4 Bxd3 33. Qxd3 1/2-1/2

[Event "Champions Showdown Blitz"]
[Site "Saint Louis USA"]
[Date "2016.11.14"]
[Round "9.1"]
[White "Anand, Viswanathan"]
[Black "Caruana, Fabiano"]
[Result "1-0"]
[WhiteTitle "GM"]
[BlackTitle "GM"]
[WhiteElo "2779"]
[BlackElo "2823"]
[WhiteFideId "5000017"]
[BlackFideId "2020009"]
[EventDate "2016.11.14"]

1. e4 c5 2. Nf3 e6 3. d4 cxd4 4. Nxd4 a6 5. Nc3 d6 6. Bd3 Ne7 7. O-O Nec6 8.
Nce2 Be7 9. c3 b6 10. f4 Bb7 11. Be3 Nd7 12. Nxc6 Bxc6 13. Nd4 Bb7 14. f5 Nc5
15. fxe6 fxe6 16. b4 Nxd3 17. Nxe6 Qd7 18. Nxg7+ Kd8 19. Bxb6+ Kc8 20. Qxd3 Qc6
21. Bd4 Qxe4 22. Qxe4 Bxe4 23. Rf7 Bd8 24. Nf5 Rg8 25. Nxd6+ 1-0

[Event "Champions Showdown Blitz"]
[Site "Saint Louis USA"]
[Date "2016.11.14"]
[Round "10.1"]
[White "Caruana, Fabiano"]
[Black "Topalov, Veselin"]
[Result "1-0"]
[WhiteTitle "GM"]
[BlackTitle "GM"]
[WhiteElo "2823"]
[BlackElo "2760"]
[WhiteFideId "2020009"]
[BlackFideId "2900084"]
[EventDate "2016.11.14"]

1. e4 c5 2. Nf3 d6 3. d4 cxd4 4. Nxd4 Nf6 5. f3 Nc6 6. Nc3 e5 7. Nb3 Be7 8. Be3
O-O 9. Qd2 Be6 10. Nd5 a5 11. c4 a4 12. Nc1 Bxd5 13. cxd5 Nd4 14. Ne2 Nxe2 15.
Bxe2 Nd7 16. O-O h6 17. Bb5 Nc5 18. Bxc5 dxc5 19. Qc2 Qb6 20. Bc4 Qa5 21. d6
Bxd6 22. Rad1 Qc7 23. a3 Be7 24. g3 Rfd8 25. Bd5 c4 26. Kg2 Ra5 27. f4 Bf6 28.
Rf2 Kh8 29. Qe2 Rc5 30. Qh5 c3 31. bxc3 Rxc3 32. fxe5 Qxe5 33. Qxf7 Rc7 34. Qg6
b5 35. Be6 Rf8 36. Bf5 Kg8 37. Rd5 Qc3 38. e5 Qc6 39. Be4 1-0

[Event "Champions Showdown Blitz"]
[Site "Saint Louis USA"]
[Date "2016.11.14"]
[Round "11.2"]
[White "Anand, Viswanathan"]
[Black "Topalov, Veselin"]
[Result "1/2-1/2"]
[WhiteTitle "GM"]
[BlackTitle "GM"]
[WhiteElo "2779"]
[BlackElo "2760"]
[WhiteFideId "5000017"]
[BlackFideId "2900084"]
[EventDate "2016.11.14"]

1. e4 c5 2. Nf3 d6 3. Bb5+ Nd7 4. O-O a6 5. Bxd7+ Bxd7 6. d4 cxd4 7. Qxd4 e5 8.
Qd3 Be7 9. c4 Nf6 10. Nc3 h6 11. a4 O-O 12. b3 Be6 13. Be3 Ng4 14. Rfd1 Nxe3 15.
Qxe3 Rc8 16. Nxe5 Bg5 17. f4 Bxf4 18. Qxf4 dxe5 19. Rxd8 exf4 20. Rxc8 Rxc8 21.
Nd5 Bxd5 22. exd5 Kf8 23. Re1 a5 24. Kf2 Rd8 25. Kf3 g5 26. Rd1 Re8 27. Rd3 Ke7
28. c5 Kd7 29. g3 fxg3 30. hxg3 f5 31. Rd4 Re5 32. b4 1/2-1/2

[Event "Champions Showdown Blitz"]
[Site "Saint Louis USA"]
[Date "2016.11.14"]
[Round "12.1"]
[White "Caruana, Fabiano"]
[Black "Anand, Viswanathan"]
[Result "1/2-1/2"]
[WhiteTitle "GM"]
[BlackTitle "GM"]
[WhiteElo "2823"]
[BlackElo "2779"]
[WhiteFideId "2020009"]
[BlackFideId "5000017"]
[EventDate "2016.11.14"]

1. b3 e5 2. Bb2 Nc6 3. e3 Nf6 4. Bb5 Bd6 5. Ne2 a6 6. Bxc6 dxc6 7. d3 O-O 8. Nd2
Re8 9. h3 c5 10. g4 b5 11. Ng3 Bb7 12. Rg1 Re6 13. g5 Nd5 14. h4 a5 15. a4 bxa4
16. Rxa4 Nb6 17. Rg4 a4 18. Nge4 axb3 19. cxb3 Be7 20. Nf3 Nd7 21. h5 Ra2 22.
Bc3 Bxe4 23. Rxe4 Bd6 24. g6 fxg6 25. Ng5 Rf6 26. hxg6 Rxg6 27. Reg4 Nf6 28. Qf3
Qa8 29. Qxa8+ Rxa8 1/2-1/2